000 00544nam a22001937a 4500
001 6741
003 FISKH
005 20250523123204.0
008 250523b cb ||||| |||| 00| 0 eng d
020 _a9782742791217
040 _aFISKH
_bFrench
_cFISKH
_dFISKH
100 _aLatynina , Julia
245 _aLa Chasse au renne de Siberie /
_cBy Julia Latynina
260 _aMoscou :
_bEksmo ,
_c2007.
300 _a665 pages :
_billustrations ;
_c18 cm .
650 _aMysteries-and-thrillers
_vFiction
942 _2ddc
_cBK
_n0
999 _c6741
_d6741